000 00444nmm a2200157Ia 4500
008 251105s9999||||xx |||||||||||||||||und||
020 _a9788498384994
041 _aspa
100 _aHarbach, Chad
245 0 _aEl arte de la defensa
264 _a[Madrid, España] :
_bEdiciones Salamandra,
_c2013
300 _a544 páginas
650 _aNorth American narrative
856 _uhttps://public.digitaliapublishing.com/a/48261
942 _cCF
999 _c91739
_d91739